Statistics for Top 20 Most Famous Pokémon

Click here to take the quiz!

General Stats

  • This quiz has been taken 426 times
  • The average score is 16 of 20

Answer Stats

#%pokémon% Correct
2594Pikachu
99%
690Charizard
96%
490Charmander
90%
788Squirtle
90%
190Bulbasaur
89%
15181Mew
88%
15077Mewtwo
87%
982Blastoise
85%
370Venusaur
83%
583Charmeleon
82%
278Ivysaur
82%
2681Raichu
79%
876Wartortle
79%
1271Butterfree
75%
1069Caterpie
74%
1167Metapod
72%
1668Pidgey
72%
1565Beedrill
71%
1366Weedle
71%
1868Pidgeot
68%

Score Distribution

Percentile by Number Answered

Percent of People with Each Score

Your Score History

You have not taken this quiz